Vista normal
Vista MARC
Entrada Personal Name
Número de registros utilizados en: 2
001 - CONTROL NUMBER
- control field: 15962
003 - CONTROL NUMBER IDENTIFIER
- control field: OSt
005 - DATE AND TIME OF LATEST TRANSACTION
- control field: 20210310220837.0
008 - FIXED-LENGTH DATA ELEMENTS
- fixed length control field: 210310|| aca||aabn | a|a d
040 ## - CATALOGING SOURCE
- Original cataloging agency: OSt
- Transcribing agency: OSt
100 ## - HEADING--PERSONAL NAME
- Personal name: Higinio Maldonado, Jorge
670 ## - SOURCE DATA FOUND
- Source citation: Work cat.: (OSt): Higinio Maldonado, Jorge, Economia de recursos naturales: aplicaciones de la economia computacional a la solucion de problemas dinamicos, 2008